[Event "Nova Gorica op-A 20th"]
[Site "Nova Gorica"]
[Date "2015.02.01"]
[Round "5"]
[White "Laco, Igor"]
[Black "Kobal, Sasa"]
[Result "0-1"]
[WhiteElo "1606"]
[BlackElo "1717"]
[PlyCount "108"]
[EventDate "2015.01.30"]
[EventType "swiss"]
[EventRounds "9"]
[EventCountry "SLO"]
[SourceTitle "CBM 164 Extra"]
[Source "ChessBase"]
[SourceDate "2015.03.02"]
[SourceVersion "1"]
[SourceVersionDate "2015.03.02"]
[SourceQuality "1"]

1. e4 c5 2. Nf3 Nc6 3. c3 d5 4. exd5 Qxd5 5. Na3 Nf6 6. Nb5 Qd8 7. d3 a6 8. Na3 Bf5 9. Be2 e6 10. Nh4 Bg6 11. Nxg6 hxg6 12. Be3 Qc7 13. g3 Rd8 14. Nc4 b5 15. Nd2 Be7 16. Qc2 Nd5 17. 0-0-0 Nb6 18. h4 Rc8 19. h5 gxh5 20. Rxh5 Rxh5 21. Bxh5 Nd5 22. Bf3 Nxe3 23. Bxc6+ Qxc6 24. fxe3 Bg5 25. e4 Qd6 26. Rg1 Rd8 27. Rg2 Qxd3 28. Qxd3 Rxd3 29. Kc2 Rd8 30. Nf3 Be7 31. Rh2 f6 32. g4 Kf7 33. Rd2 Kg6 34. Rxd8 Bxd8 35. Kd3 e5 36. b3 Kf7 37. a4 Ke6 38. axb5 axb5 39. c4 b4 40. Nh4 Be7 41. Ke2 Kf7 42. Kf3 g6 43. Kg3 Bf8 44. Kf3 Bh6 45. Ke2 Bf4 46. Kf3 Bg5 47. Kg3 Bxh4+ 48. Kxh4 Ke6 49. Kg3 f5 50. gxf5+ gxf5 51. exf5+ Kxf5 52. Kf3 e4+ 53. Ke3 Ke5 54. Ke2 Kd4 0-1

[Event "Nova Gorica op-A 19th"]
[Site "Nova Gorica"]
[Date "2014.02.06"]
[Round "9"]
[White "Laco, Igor"]
[Black "Markocic, Spela"]
[Result "0-1"]
[WhiteElo "1611"]
[BlackElo "1632"]
[PlyCount "60"]
[EventDate "2014.01.31"]
[EventType "swiss"]
[EventRounds "9"]
[EventCountry "SLO"]
[SourceTitle "CBM 158 Extra"]
[Source "ChessBase"]
[SourceDate "2014.02.28"]
[SourceVersion "1"]
[SourceVersionDate "2014.02.28"]
[SourceQuality "1"]

1. e4 c5 2. c3 d5 3. exd5 Qxd5 4. d4 Nf6 5. Nf3 Bf5 6. Na3 e6 7. Nc2 Qd8 8. Be2 Be7 9. 0-0 0-0 10. h3 Nc6 11. Be3 Nd5 12. dxc5 Bxc2 13. Qxc2 Nxe3 14. fxe3 Bxc5 15. Qe4 Qb6 16. Kf2 Ne7 17. Nd4 Nf5 18. Bd3 Qxb2+ 19. Bc2 g6 20. Qd3 Bxd4 21. cxd4 Rac8 22. Rfc1 Rc3 23. Rab1 Rxd3 24. Rxb2 Rd2+ 25. Kf3 Nh4+ 26. Kg3 Nxg2 27. Rbb1 Nxe3 28. Be4 Rxd4 29. Bxb7 Nf5+ 30. Kf3 Rd3+ 0-1

[Event "Dzerzhinsk League FL"]
[Site "Dzerzhinsk"]
[Date "2013.12.07"]
[Round "1"]
[White "Samarin, Anatolii"]
[Black "Laco, Igor"]
[Result "1-0"]
[WhiteElo "1806"]
[BlackElo "1613"]
[PlyCount "113"]
[EventDate "2013.12.07"]
[EventType "tourn"]
[EventRounds "9"]
[EventCountry "RUS"]
[SourceTitle "EXT 2016"]
[Source "ChessBase"]
[SourceDate "2015.10.08"]
[SourceVersion "1"]
[SourceVersionDate "2015.10.08"]
[SourceQuality "1"]

1. e4 c5 2. Nc3 d6 3. Nge2 Nc6 4. g3 g6 5. Bg2 Bg7 6. d3 Nf6 7. 0-0 0-0 8. f4 Bg4 9. h3 Bxe2 10. Nxe2 e6 11. Be3 Qc7 12. g4 Nd7 13. c3 h6 14. Qe1 Qd8 15. h4 Bf6 16. g5 Bg7 17. h5 gxh5 18. Qh4 hxg5 19. fxg5 Nce5 20. Nf4 Ng6 21. Qxh5 Qe8 22. Rf3 Nxf4 23. Rxf4 f5 24. Qh3 Qg6 25. Rh4 Ne5 26. exf5 Qxf5 27. Qxf5 Rxf5 28. Ra4 Nf3+ 29. Kh1 Nxg5 30. Bxb7 Raf8 31. Rg4 Nh3 32. Be4 Nf2+ 33. Bxf2 Rxf2 34. Rag1 R8f7 35. Rg6 Rxb2 36. Rxe6 Kf8 37. Bg6 Bxc3 38. Bxf7 Kxf7 39. Rxd6 Bd4 40. Rf1+ Ke7 41. Ra6 Rb7 42. Rf3 Kd7 43. Rf7+ Kc8 44. Rf8+ Kc7 45. Rh6 Rb1+ 46. Kh2 Be5+ 47. Kg2 Rb2+ 48. Kf3 Bd6 49. Rf7+ Kc6 50. Rff6 Rxa2 51. Rxd6+ Kb5 52. Rh5 Kb4 53. Rh4+ Kb3 54. Rc4 Rc2 55. Rxc2 Kxc2 56. Ke3 a5 57. Ra6 1-0

[Event "Nova Gorica op-A 17th"]
[Site "Nova Gorica"]
[Date "2012.01.27"]
[Round "1"]
[White "Furlan, Ales"]
[Black "Laco, Igor"]
[Result "0-1"]
[WhiteElo "2029"]
[BlackElo "1600"]
[PlyCount "52"]
[EventDate "2012.01.27"]
[EventType "swiss"]
[EventRounds "9"]
[EventCountry "SLO"]
[SourceTitle "CBM 146 Extra"]
[Source "ChessBase"]
[SourceDate "2012.02.29"]
[SourceVersion "1"]
[SourceVersionDate "2012.02.29"]
[SourceQuality "1"]

1. Nf3 d5 2. g3 Nf6 3. Bg2 c5 4. 0-0 Nc6 5. d3 e5 6. Nbd2 Bd6 7. e4 d4 8. a4 Be6 9. h3 h6 10. Nh4 g6 11. Nc4 Bc7 12. Qe2 Qd7 13. Kh2 0-0-0 14. b3 g5 15. Nf5 Bxf5 16. exf5 Qxf5 17. Ba3 Rhe8 18. Bxc6 bxc6 19. Nd2 e4 20. dxe4 Nxe4 21. Nxe4 Rxe4 22. Qa6+ Kd7 23. Rad1 Rh4 24. Kg2 Qxh3+ 25. Kf3 Re8 26. Bc1 g4# 0-1